=LDR 00000nam 2200000 4500 =001 NUTBA000000000000783 =005 20140401170154.0 =006 =007 =008 =020 ##$$a 479-459-513-6 =035 ##$$a 0010-041400000000053 =082 ##$$a 419.65 =100 ##$$a zaili sailan[all] =245 ##$$a tata bahasa tolaki =260 ##$$a jakarta $b pusat pembinaan dan pengembangan bahasa $c 1995 =300 ##$$a xv, 180 hlm $b ilus $c 21 cm =990 ##$$a 92383/BPAP-NTB/2014 =990 ##$$a 92384/BPAP-NTB/2014